Aleksandr Rodchenko
Αποθηκεύτηκε σε:
| Κύριοι συγγραφείς: | , , |
|---|---|
| Άλλοι συγγραφείς: | , |
| Μορφή: | Βιβλίο |
| Γλώσσα: | English |
| Δημοσίευση: |
New York :
Museum of modern art, Distributed by Harry N. Abrams,
c1998
|
| Θέματα: | |
| Ετικέτες: |
Προσθήκη ετικέτας
Δεν υπάρχουν, Καταχωρήστε ετικέτα πρώτοι!
|
MARC
| LEADER | 00000nam a2200000 i 4500 | ||
|---|---|---|---|
| 001 | 1/38528 | ||
| 008 | 030724s1998 eng d | ||
| 020 | |a 0-87070-064-2 (paperbound, MoMA) | ||
| 020 | |a 0-8109-6187-3 (clothbound, Abrams) | ||
| 035 | |l 10070457 | ||
| 040 | |a GR-MY-UA |b gre |e aacr | ||
| 041 | 0 | |a eng | |
| 082 | 0 | |a 700.92 |2 (21) | |
| 100 | 1 | |a Dabrowski, Magdalena. | |
| 245 | 1 | 0 | |a Aleksandr Rodchenko / |c Magdalena Dabrowski, Leah Dickerman, Peter Galassi ; With essays by Aleksandr Lavrent'ev and Varvara Rodchenko |
| 260 | |a New York : |b Museum of modern art, |b Distributed by Harry N. Abrams, |c c1998 | ||
| 300 | |a 336 p.; |b ill. (some col.); |c 30 cm. | ||
| 504 | |a Includes biblography and index. | ||
| 600 | 1 | 0 | |a Rodchenko Aleksandr Mikhailovich |d 1891-1956. |
| 650 | 0 | 0 | |a Photography, Artistic. |
| 700 | 1 | |a Dickerman, Leah |d 1964- | |
| 700 | 1 | |a Galassi, Peter. | |
| 700 | 1 | |a Lavrentev, A. N. |q (Aleksandr Nikolaevich) |4 aut | |
| 700 | 1 | |a Rodchenko, V. A. |q (Varvara Aleksandrovna) |4 aut | |
| 852 | |a INST |b SYROS |e 20030724 |h 700.92 ROD |p 005500003264 |q 005500003264 |t BK |y 0 | ||
| 901 | |a BIBL5-2003-2 | ||
| 909 | |a Ε |b 105532 | ||
| 922 | |a 5ΕΛΗ |b 200202 |c ΒΙΒΛΙΟΘΗΚΗ ΣΥΡΟΥ |d ΠΑΠΑΣΩΤΗΡΙΟΥ | ||
| 950 | |a 188-2002-02-27 | ||
| 970 | |a ΚΑΓΙΑΒΑ |b ΕΙΡΗΝΗ |z 2003/08/07 | ||